00819 a2200193 4500003000500000005001700005010001700022020002800039040000900067082001700076100002100093245006100114260004300175300005900218440003500277505027200312650002400584700001700608Nust20220812122349.0 a 2005041998 a1580537251 (alk. paper) cNust00a621.3813,KIN1 aKinayman, Noyan.10aModern microwave circuits /cNoyan Kinayman, M.I. Aksun. aBoston, Mass. :bArtech House,cc2005. axiv, 604 p. :bill. ;c24 cm. +e1 CD-ROM (4 3/4 in.). 0aArtech House microwave library aMicrowave Network Theory (Page-1), Microwave Printed Circuits (Page-141), Full-Wave Analysis Printed Circuits (Page-211), Microstrip Patch Antennas (Page-291), Microstrip Coupled Lines (Page-357), Microstrip Filters (Page-415), Microwave Lumped Components (Page-533). 0aMicrowave circuits.1 aAksun, M. I.